Statistics for What Continent Is The Country Located On #1

Click here to take the quiz!

General Stats

  • This quiz has been taken 36 times
  • The average score is 14 of 15

Answer Stats

HintAnswer% Correct
ChadAfrica
100%
CyprusAsia
100%
AlbaniaEurope
100%
CanadaNorth America
100%
ArgentinaSouth America
100%
EstoniaEurope
97%
MoldovaEurope
94%
El SalvadorNorth America/Central America
94%
HondurasNorth America/Central America
91%
RwandaAfrica
89%
RussiaEurope/Asia/Eurasia
89%
KiribatiOceania
86%
TajikistanAsia
83%
TuvaluOceania
77%
SurinameSouth America
77%

Score Distribution

Percentile by Number Answered

Percent of People with Each Score

Your Score History

You have not taken this quiz